SNL Cast Members on Sesame Street Quiz Stats

 Plays Quiz Updated Aug 2, 2017

Support Sporcle.
Go Orange.
Score 0/20 Timer 06:00
3 Plays Today
% Correct
Jimmy Fallon
95.4%
Tina Fey
95.2%
Chris Rock
94.2%
Adam Sandler
93.7%
Ben Stiller
85.1%
Mike Myers
84.1%
Amy Poehler
76.8%
Julia Louis-Dreyfus
76.6%
Seth Meyers
72.1%
Andy Samberg
69.8%
% Correct
Bill Hader
66.1%
Maya Rudolph
61.6%
Rachel Dratch
54.6%
Molly Shannon
50.8%
Jane Curtin
47.8%
Bobby Moynihan
41.2%
Gilbert Gottfried
38.1%
Taran Killam
25.4%
Michael McKean
23.6%
Laraine Newman
23.5%

You're not logged in!

Compare scores with friends on all Sporcle quizzes.
OR
Log In
Forgot?

From the Vault

Pixel Art - NFL Team VII

by goc3

They should redo their logos in this image.
Remove Ads.
Support Sporcle.
Get the best of Sporcle when you Go Orange. This ad-free experience offers more features, more stats, and more fun while also helping to support Sporcle. Thank you for becoming a member.

Show Comments

Extras

Top Quizzes Today


Score Distribution

Your Account Isn't Verified!

In order to create a playlist on Sporcle, you need to verify the email address you used during registration. Go to your Sporcle Settings to finish the process.

Report this User

Report this user for behavior that violates our Community Guidelines.

Details: